MARC

LEADER 00000nam0a2200000 4500
001 69160
005 20231031075506.0
010 |a 5942110719 
035 |a (RuTPU)RU\TPU\book\73656 
090 |a 69160 
100 |a 20041020d2002 m y0rusy50 ca 
101 0 |a rus 
102 |a RU 
105 |a a j 001zy 
200 1 |a Специальное геологическое картирование  |e учебное пособие  |f В. И. Алексеев  |g Санкт-Петербургский государственный горный институт (технический университет) 
210 |a СПб.  |c Изд-во СПбГГи  |d 2002 
215 |a 101 с.  |c ил. 
320 |a Библиогр.: с. 100 
610 1 |a картирование геологическое 
610 1 |a учебные пособия 
610 1 |a теоретические основы 
610 1 |a организация 
610 1 |a интрузивные образования 
610 1 |a результаты 
610 1 |a интерпретация 
610 1 |a гидротермально-метасоматические образования 
675 |a 550.8:528  |v 3 
700 1 |a Алексеев  |b В. И.  |g Виктор Иванович 
712 0 2 |a Санкт-Петербургский государственный горный институт (технический университет)  |2 stltpush  |3 (RuTPU)RU\TPU\col\54 
801 1 |a RU  |b 63413507  |c 20041020  |g PSBO 
801 2 |a RU  |b 63413507  |c 20071115  |g PSBO 
942 |c BK